<?xml version="1.0" encoding="UTF-8"?>
<record
    xmlns:xsi="http://www.w3.org/2001/XMLSchema-instance"
    xsi:schemaLocation="http://www.loc.gov/MARC21/slim http://www.loc.gov/standards/marcxml/schema/MARC21slim.xsd"
    xmlns="http://www.loc.gov/MARC21/slim">

  <leader>02240cam a22003013a 4500</leader>
  <controlfield tag="001">36385</controlfield>
  <controlfield tag="003">PGUSA</controlfield>
  <controlfield tag="005">20140828083804.0</controlfield>
  <controlfield tag="008">110611s2011||||xxu|||||s|||||000 | eng d</controlfield>
  <datafield tag="040" ind1=" " ind2=" ">
    <subfield code="a">PGUSA</subfield>
    <subfield code="b">eng</subfield>
  </datafield>
  <datafield tag="042" ind1=" " ind2=" ">
    <subfield code="a">dc</subfield>
  </datafield>
  <datafield tag="050" ind1=" " ind2="4">
    <subfield code="a">PZ</subfield>
  </datafield>
  <datafield tag="100" ind1="1" ind2=" ">
    <subfield code="a">Asbj&#xF8;rnsen, Peter Christen,</subfield>
    <subfield code="d">1812-1885</subfield>
  </datafield>
  <datafield tag="245" ind1="1" ind2="0">
    <subfield code="a">Tales from the Fjeld :</subfield>
    <subfield code="b">A Second Series of Popular Tales</subfield>
    <subfield code="h">[electronic resource] /</subfield>
    <subfield code="c">Peter Christen Asbj&#xF8;rnsen</subfield>
  </datafield>
  <datafield tag="260" ind1=" " ind2=" ">
    <subfield code="b">Project Gutenberg,</subfield>
    <subfield code="c">2011</subfield>
  </datafield>
  <datafield tag="505" ind1="0" ind2=" ">
    <subfield code="a">Osborn's pipe -- The haunted mill -- Another haunted mill -- The honest penny -- The death of Chanticleer -- The greedy cat -- Grumblegizzard -- Father Bruin in the corner -- Reynard and Chanticleer -- Goodman Axehaft -- The companion -- The shopboy and his cheese -- Peik -- Death and the doctor -- The way of the world -- The pancake -- Pork and honey -- The hare and the heiress -- Slip root, catch Reynard's foot -- Bruin Goodfellow -- Bruin and Reynard partners -- Reynard wants to taste horse-flesh -- Master Tobacco -- The charcoal-burner -- The box with something pretty in it -- The three lemons -- The priest and the clerk -- Friends in life and death -- The father of the family -- Three years without wages -- Our parish clerk -- Silly men and cunning wives -- Taper Tom -- The trolls in Hedale Wood -- The skipper and Old Nick -- Goody 'gainst-the-stream -- How to win a prince -- Boots and the beast -- The sweetheart in the wood -- How they got Hairlock home -- Osborn Boots and Mr. Glibtongue -- This is the lad who sold the pig -- The sheep and the pig who set up house -- The golden palace that hung in the air -- Little Freddy with his fiddle -- Mother Roundabout's daughter -- The Green Knight -- Boots and his crew -- The town-mouse and the fell-mouse -- Silly Matt -- King Valemon, the white bear -- The golden bird.</subfield>
  </datafield>
  <datafield tag="506" ind1=" " ind2=" ">
    <subfield code="a">Public domain in the USA.</subfield>
  </datafield>
  <datafield tag="516" ind1=" " ind2=" ">
    <subfield code="a">Electronic text</subfield>
  </datafield>
  <datafield tag="653" ind1=" " ind2=" ">
    <subfield code="a">Folklore -- Norway</subfield>
  </datafield>
  <datafield tag="653" ind1=" " ind2=" ">
    <subfield code="a">Tales -- Norway</subfield>
  </datafield>
  <datafield tag="653" ind1=" " ind2=" ">
    <subfield code="a">Fairy tales -- Norway</subfield>
  </datafield>
  <datafield tag="653" ind1=" " ind2=" ">
    <subfield code="a">Fairy tales</subfield>
  </datafield>
  <datafield tag="700" ind1="1" ind2=" ">
    <subfield code="a">Dasent, George Webbe,</subfield>
    <subfield code="c">Sir,</subfield>
    <subfield code="d">1817-1896</subfield>
  </datafield>
  <datafield tag="740" ind1="0" ind2=" ">
    <subfield code="a">Norske folke-eventyr. English</subfield>
  </datafield>
  <datafield tag="830" ind1=" " ind2="0">
    <subfield code="a">Project Gutenberg</subfield>
    <subfield code="v">36385</subfield>
  </datafield>
  <datafield tag="856" ind1="4" ind2="0">
    <subfield code="u">http://www.gutenberg.org/ebooks/36385</subfield>
  </datafield>
  <datafield tag="942" ind1=" " ind2=" ">
    <subfield code="c">EB</subfield>
  </datafield>
  <datafield tag="999" ind1=" " ind2=" ">
    <subfield code="c">265640</subfield>
    <subfield code="d">265640</subfield>
  </datafield>
  <datafield tag="952" ind1=" " ind2=" ">
    <subfield code="0">0</subfield>
    <subfield code="1">0</subfield>
    <subfield code="4">0</subfield>
    <subfield code="a">GTB</subfield>
    <subfield code="b">GTB</subfield>
    <subfield code="d">2014-08-28</subfield>
    <subfield code="l">0</subfield>
    <subfield code="r">2014-08-28 00:00:00</subfield>
    <subfield code="w">2014-08-28</subfield>
    <subfield code="y">EB</subfield>
  </datafield>
</record>
